|
|
|
|
| LEADER |
01585nam a22003975i 4500 |
| 001 |
33634 |
| 003 |
BD-DhAAL |
| 005 |
20180805150416.0 |
| 008 |
180805t2018 maua b 001 0 eng d |
| 999 |
|
|
|c 39433
|d 39433
|
| 010 |
|
|
|a 2017945559
|
| 020 |
|
|
|a 9780134277554 (pbk. : alk. paper)
|
| 020 |
|
|
|a 0134277554
|
| 040 |
|
|
|a DLC
|b eng
|e rda
|c DLC
|d BD-DhAAL
|
| 042 |
|
|
|a pcc
|
| 082 |
|
|
|a 005.432
|2 22
|
| 100 |
1 |
|
|a Nemeth, Evi.
|9 27682
|
| 245 |
1 |
0 |
|a Unix and linux system administration handbook /
|c Evi Nemeth ... [et al.].
|
| 250 |
|
|
|a Fifth edition.
|
| 260 |
|
|
|a Boston, MA :
|b Addison-Wesley,
|c c2018
|
| 300 |
|
|
|a xlvi, 1180 pages :
|b illustrations ;
|c 23 cm.
|
| 504 |
|
|
|a Includes bibliographical references and index.
|
| 526 |
|
|
|a AAL
|
| 541 |
|
|
|a Karim International
|e 33634, 33635
|
| 630 |
|
|
|a UNIX (Computer file)
|9 27683
|
| 630 |
|
|
|a Linux
|9 27684
|
| 650 |
|
|
|a Operating systems (Computers)
|9 27685
|
| 700 |
|
|
|a Nemeth, Evi.
|9 27682
|
| 700 |
|
|
|a Snyder, Garth
|9 27686
|
| 700 |
|
|
|a Hein, Trent R
|9 27687
|
| 700 |
|
|
|a Whaley, Ben
|9 27688
|
| 700 |
|
|
|a Mackin, Dan
|9 27689
|
| 852 |
|
|
|a Ayesha Abed Library
|c General Stacks
|
| 942 |
|
|
|2 ddc
|c BK
|
| 952 |
|
|
|0 0
|1 0
|2 ddc
|4 0
|6 005_432000000000000_NEM
|7 0
|9 64106
|a BRACUL
|b BRACUL
|c GEN
|d 2018-07-29
|e Karim International
|g 7100.00
|l 5
|m 72
|o 005.432 NEM
|p 3010033634
|r 2025-05-25
|s 2025-04-23
|t 1
|v 7100.00
|w 2018-07-29
|y BK
|
| 952 |
|
|
|0 0
|1 0
|2 ddc
|4 0
|6 005_432000000000000_NEM
|7 0
|9 64107
|a BRACUL
|b BRACUL
|c GEN
|d 2018-07-29
|e Karim International
|g 7100.00
|l 4
|m 55
|o 005.432 NEM
|p 3010033635
|r 2025-09-20
|s 2025-06-29
|t 2
|v 7100.00
|w 2018-07-29
|y BK
|